000 01081cam a2200217 4500
001 WB3830-13
008 020813n2002 000 0 eng u
035 _a(Sirsi) u119314
245 _aData Protection Act
260 _c2002
490 _aRICS Press Release
_v9 August 2002, (1)
520 _aMany businesses including the RICS have been sent lettters by agencies offering to assist them with registering with the Information Commissioner under the Data Protection Act 1998. The letters invite the companies to complete and return a questionnaire for a registration fee of around £100. The real cost is around £35 and there is concern that many businesses are being misled about this. For RICS News Release: http://www.rics.org/ricscms/bin/show?class=News&template=/includes/shownews.html&id=3387
590 _aWB
650 _aDATA PROTECTION ACT 1998
650 _aINFORMATION COMMISSIONER
650 _aPERSONAL DATA
650 _aDATA CONTROLLER
650 _aREGISTRATION DUTY
690 _aMANAGEMENT-BUSINESS MANAGEMENT-INFORMATION MANAGEMENT
942 _n0
999 _c70936
_d70936